Top XIs: FC Porto (1978-2023) - Statistics

General Stats
  • This quiz has been taken 210 times
  • The average score is 178 of 500
Answer Stats
Hint Position Answer % Correct
2003/2004 USC DF Pepe
89%
2005/2006 DF Pepe
89%
2006/2007 DF Pepe
89%
2020/2021 DF Pepe
89%
2021/2022 DF Pepe
89%
2021/2022 UCL DF Pepe
89%
2022/2023 UCL DF Pepê
89%
1999/2000 MF Deco
83%
2000/2001 MF Deco
83%
2001/2002 MF Deco
83%
2002/2003 MF Deco
83%
2003/2004 MF Deco
83%
2008/2009 ST Hulk
78%
2009/2010 UCL ST Hulk
78%
2010/2011 ST Hulk
78%
2011/2012 ST Hulk
78%
2009/2010 UCL ST Radamel Falcao
78%
2010/2011 ST Radamel Falcao
78%
2004/2005 DF Ricardo Costa
77%
2001/2002 DF Ricardo Carvalho
76%
2002/2003 DF Ricardo Carvalho
76%
2003/2004 DF Ricardo Carvalho
76%
1978/1979 MF José Costa
74%
1979/1980 MF José Costa
74%
1980/1981 MF José Costa
74%
1981/1982 MF José Costa
74%
1982/1983 MF José Costa
74%
2021/2022 ST Mehdi Taremi
73%
2021/2022 UCL ST Mehdi Taremi
73%
2022/2023 ST Mehdi Taremi
73%
2022/2023 UCL ST Mehdi Taremi
73%
2017/2018 DF Ricardo Pereira
73%
2012/2013 DF Danilo
68%
2013/2014 DF Danilo
68%
2014/2015 DF Danilo
68%
2015/2016 UCL DF Iván Marcano
67%
2016/2017 DF Iván Marcano
67%
2017/2018 DF Iván Marcano
67%
2019/2020 DF Iván Marcano
67%
2011/2012 MF James Rodríguez
67%
2012/2013 MF James Rodríguez
67%
2021/2022 DF João Mário
67%
2021/2022 UCL DF João Mário
67%
2022/2023 DF João Mário
67%
2010/2011 MF João Moutinho
67%
2011/2012 MF João Moutinho
67%
2012/2013 MF João Moutinho
67%
2016/2017 MF Otávio
67%
2019/2020 MF Otávio
67%
2020/2021 MF Otávio
67%
2021/2022 MF Otávio
67%
2021/2022 UCL MF Otávio
67%
2022/2023 MF Otávio
67%
2022/2023 UCL MF Otávio
67%
2004/2005 MF Ricardo Quaresma
66%
2005/2006 MF Ricardo Quaresma
66%
2006/2007 MF Ricardo Quaresma
66%
2007/2008 MF Ricardo Quaresma
66%
2013/2014 MF Ricardo Quaresma
66%
2020/2021 ST Moussa Marega
65%
2017/2018 ST Moussa Marega
65%
2018/2019 ST Moussa Marega
65%
2019/2020 ST Moussa Marega
65%
2002/2003 MF Maniche
64%
2003/2004 MF Maniche
64%
2003/2004 USC MF Maniche
64%
2004/2005 MF Maniche
64%
2001/2002 DF Mário Silva
64%
2015/2016 UCL ST Vincent Aboubakar
64%
2017/2018 ST Vincent Aboubakar
64%
2021/2022 MF Vitinha
64%
2012/2013 DF Alex Sandro
63%
2013/2014 DF Alex Sandro
63%
2014/2015 DF Alex Sandro
63%
2016/2017 DF Alex Telles
63%
2017/2018 DF Alex Telles
63%
2018/2019 DF Alex Telles
63%
2019/2020 DF Alex Telles
63%
2002/2003 DF Paulo Ferreira
60%
2003/2004 DF Paulo Ferreira
60%
2021/2022 ST Evanilson
59%
2021/2022 UCL ST Evanilson
59%
2022/2023 ST Evanilson
59%
2022/2023 UCL ST Evanilson
59%
1978/1979 ST Fernando Gomes
59%
1979/1980 ST Fernando Gomes
59%
1982/1983 ST Fernando Gomes
59%
1983/1984 ST Fernando Gomes
59%
1984/1985 ST Fernando Gomes
59%
1985/1986 ST Fernando Gomes
59%
1986/1987 ST Fernando Gomes
59%
1987/1988 ST Fernando Gomes
59%
2010/2011 DF Nicolás Otamendi
59%
2011/2012 DF Nicolás Otamendi
59%
2012/2013 DF Nicolás Otamendi
59%
2014/2015 MF Yacine Brahimi
59%
2015/2016 UCL MF Yacine Brahimi
59%
2017/2018 MF Yacine Brahimi
59%
2018/2019 MF Yacine Brahimi
59%
1986/1987 DF Eduardo Luís
55%
1982/1983 DF João Pinto
55%
1983/1984 DF João Pinto
55%
1984/1985 DF João Pinto
55%
1985/1986 DF João Pinto
55%
1986/1987 DF João Pinto
55%
1987/1988 DF João Pinto
55%
1988/1989 DF João Pinto
55%
1989/1990 DF João Pinto
55%
1990/1991 DF João Pinto
55%
1991/1992 DF João Pinto
55%
1992/1993 DF João Pinto
55%
1993/1994 DF João Pinto
55%
1994/1995 DF João Pinto
55%
1994/1995 CWC DF João Pinto
55%
1997/1998 DF João Pinto
55%
1996/1997 ST Mário Jardel
55%
1997/1998 ST Mário Jardel
55%
1998/1999 ST Mário Jardel
55%
1999/2000 ST Mário Jardel
55%
2005/2006 ST Lisandro López
54%
2006/2007 ST Lisandro López
54%
2007/2008 ST Lisandro López
54%
2008/2009 ST Lisandro López
54%
2018/2019 ST Tiquinho Soares
54%
2019/2020 ST Tiquinho Soares
54%
2018/2019 DF Éder Militão
53%
2013/2014 MF Héctor Herrera
53%
2014/2015 MF Héctor Herrera
53%
2015/2016 UCL MF Héctor Herrera
53%
2017/2018 MF Héctor Herrera
53%
2018/2019 MF Héctor Herrera
53%
2003/2004 ST Benni McCarthy
52%
2003/2004 USC ST Benni McCarthy
52%
2004/2005 ST Benni McCarthy
52%
2005/2006 ST Benni McCarthy
52%
2001/2002 MF Costinha
52%
2002/2003 MF Costinha
52%
2003/2004 MF Costinha
52%
2003/2004 USC MF Costinha
52%
2004/2005 MF Costinha
52%
2012/2013 ST Silvestre Varela
52%
2013/2014 ST Silvestre Varela
52%
2020/2021 DF Zaidu Sanusi
52%
2021/2022 DF Zaidu Sanusi
52%
2021/2022 UCL DF Zaidu Sanusi
52%
2022/2023 DF Zaidu Sanusi
52%
2022/2023 UCL DF Zaidu Sanusi
52%
2006/2007 DF Bruno Alves
50%
2007/2008 DF Bruno Alves
50%
2008/2009 DF Bruno Alves
50%
2009/2010 UCL DF Bruno Alves
50%
2002/2003 ST Derlei
50%
2003/2004 ST Derlei
50%
2008/2009 MF Fernando
50%
2009/2010 UCL MF Fernando
50%
2010/2011 MF Fernando
50%
2011/2012 MF Fernando
50%
2012/2013 MF Fernando
50%
2013/2014 MF Fernando
50%
2016/2017 MF Jesús Corona
50%
2018/2019 MF Jesús Corona
50%
2019/2020 MF Jesús Corona
50%
2020/2021 MF Jesús Corona
50%
2014/2015 MF Óliver Torres
50%
2016/2017 MF Óliver Torres
50%
2014/2015 MF Casemiro
49%
2005/2006 MF Lucho González
49%
2006/2007 MF Lucho González
49%
2007/2008 MF Lucho González
49%
2008/2009 MF Lucho González
49%
2012/2013 MF Lucho González
49%
1996/1997 MF Sérgio Conceição
48%
1997/1998 MF Sérgio Conceição
48%
2022/2023 MF Galeno
47%
2012/2013 DF Eliaquim Mangala
47%
2013/2014 DF Eliaquim Mangala
47%
2022/2023 UCL MF Galeno
47%
2005/2006 DF José Bosingwa
47%
2006/2007 DF José Bosingwa
47%
2007/2008 DF José Bosingwa
47%
1985/1986 ST Rabah Madjer
47%
1988/1989 ST Rabah Madjer
47%
1989/1990 ST Rabah Madjer
47%
1984/1985 MF António André
45%
1985/1986 MF António André
45%
1986/1987 MF António André
45%
1987/1988 MF António André
45%
1988/1989 MF António André
45%
1989/1990 MF António André
45%
1990/1991 MF António André
45%
1991/1992 MF António André
45%
1992/1993 MF António André
45%
1993/1994 MF António André
45%
2013/2014 DF Maicon
45%
2014/2015 DF Maicon
45%
2002/2003 DF Nuno Valente
45%
2003/2004 DF Nuno Valente
45%
2003/2004 USC DF Nuno Valente
45%
1984/1985 MF Paulo Futre
45%
1985/1986 MF Paulo Futre
45%
1986/1987 MF Paulo Futre
45%
2008/2009 DF Rolando
45%
2009/2010 UCL DF Rolando
45%
2010/2011 DF Rolando
45%
2011/2012 DF Rolando
45%
2022/2023 MF Stephen Eustaquio
45%
2022/2023 UCL MF Stephen Eustaquio
45%
1993/1994 DF Rui Jorge
44%
1994/1995 CWC DF Rui Jorge
44%
1995/1996 DF Rui Jorge
44%
1995/1996 UCL DF Rui Jorge
44%
2016/2017 DF Felipe
43%
2017/2018 DF Felipe
43%
2018/2019 DF Felipe
43%
2009/2010 UCL MF Fredy Guarín
43%
2010/2011 MF Fredy Guarín
43%
2022/2023 DF Fábio Cardoso
41%
2022/2023 UCL DF Fábio Cardoso
41%
2021/2022 MF Fábio Vieira
41%
2019/2020 MF Mateus Uribe
41%
2020/2021 MF Mateus Uribe
41%
2021/2022 MF Mateus Uribe
41%
2022/2023 MF Mateus Uribe
41%
2022/2023 UCL MF Mateus Uribe
41%
2006/2007 MF Raul Meireles
41%
2007/2008 MF Raul Meireles
41%
2008/2009 MF Raul Meireles
41%
2009/2010 UCL MF Raul Meireles
41%
2015/2016 UCL MF Rúben Neves
41%
2003/2004 USC MF Carlos Alberto
40%
2000/2001 MF Dmitri Alenichev
40%
2002/2003 MF Dmitri Alenichev
40%
2003/2004 MF Dmitri Alenichev
40%
1996/1997 DF Fernando Mendes
40%
1997/1998 DF Fernando Mendes
40%
1998/1999 DF Fernando Mendes
40%
1991/1992 DF Fernando Couto
38%
1992/1993 DF Fernando Couto
38%
1993/1994 DF Fernando Couto
38%
2002/2003 ST Hélder Postiga
38%
2003/2004 USC ST Hélder Postiga
38%
2006/2007 ST Hélder Postiga
38%
1990/1991 MF Jorge Couto
37%
1992/1993 MF Jorge Couto
37%
2019/2020 DF Chancel Mbemba
36%
2020/2021 DF Chancel Mbemba
36%
2021/2022 DF Chancel Mbemba
36%
2021/2022 UCL DF Chancel Mbemba
36%
2022/2023 DF David Carmo
36%
2022/2023 UCL DF David Carmo
36%
2007/2008 DF Jorge Fucile
36%
2009/2010 UCL DF Jorge Fucile
36%
2015/2016 UCL DF Miguel Layún
36%
1994/1995 DF Paulinho Santos
36%
1994/1995 CWC MF Paulinho Santos
36%
1995/1996 UCL MF Paulinho Santos
36%
1996/1997 MF Paulinho Santos
36%
1997/1998 MF Paulinho Santos
36%
1998/1999 MF Paulinho Santos
36%
1999/2000 MF Paulinho Santos
36%
2019/2020 DF Wilson Manafá
36%
2020/2021 DF Wilson Manafá
36%
2016/2017 ST André Silva
34%
2004/2005 MF Diego
34%
2021/2022 UCL MF Marko Grujić
34%
1994/1995 DF Zé Carlos
34%
1995/1996 UCL DF Zé Carlos
34%
2014/2015 DF Bruno Martins Indi
33%
2015/2016 UCL DF Bruno Martins Indi
33%
2008/2009 DF Cristian Săpunaru
33%
2010/2011 DF Cristian Săpunaru
33%
2011/2012 DF Cristian Săpunaru
33%
2015/2016 UCL DF Maxi Pereira
33%
2016/2017 DF Maxi Pereira
33%
2018/2019 DF Maxi Pereira
33%
2000/2001 DF Jorge Andrade
32%
2001/2002 DF Jorge Andrade
32%
2016/2017 ST Diogo Jota
31%
2010/2011 MF Fernando Belluschi
30%
2011/2012 MF Fernando Belluschi
30%
2014/2015 ST Cristian Tello
29%
2015/2016 UCL ST Cristian Tello
29%
2013/2014 MF Steven Defour
27%
1990/1991 DF Aloísio
26%
1991/1992 DF Aloísio
26%
1992/1993 DF Aloísio
26%
1993/1994 DF Aloísio
26%
1994/1995 DF Aloísio
26%
1994/1995 CWC DF Aloísio
26%
1995/1996 DF Aloísio
26%
1995/1996 UCL DF Aloísio
26%
1996/1997 DF Aloísio
26%
1997/1998 DF Aloísio
26%
1998/1999 DF Aloísio
26%
1999/2000 DF Aloísio
26%
2000/2001 DF Aloísio
26%
2011/2012 ST Kléber
26%
1997/1998 ST Nuno Capucho
26%
1998/1999 ST Nuno Capucho
26%
1999/2000 ST Nuno Capucho
26%
2000/2001 ST Nuno Capucho
26%
2001/2002 ST Nuno Capucho
26%
2004/2005 DF Pedro Emanuel
26%
2005/2006 DF Pedro Emanuel
26%
2007/2008 DF Pedro Emanuel
26%
1993/1994 MF Secretário
26%
1994/1995 MF Secretário
26%
1994/1995 CWC MF Secretário
26%
1995/1996 DF Secretário
26%
1995/1996 UCL DF Secretário
26%
1997/1998 DF Secretário
26%
1998/1999 DF Secretário
26%
1999/2000 DF Secretário
26%
2000/2001 DF Secretário
26%
2005/2006 MF Paulo Assunção
23%
2006/2007 MF Paulo Assunção
23%
2007/2008 MF Paulo Assunção
23%
1986/1987 ST Juary
21%
1990/1991 ST Domingos
19%
1991/1992 ST Domingos
19%
1992/1993 ST Domingos
19%
1994/1995 ST Domingos
19%
1994/1995 CWC ST Domingos
19%
1995/1996 ST Domingos
19%
1995/1996 UCL ST Domingos
19%
2012/2013 ST Jackson Martínez
18%
2013/2014 ST Jackson Martínez
18%
2014/2015 ST Jackson Martínez
18%
1993/1994 MF Ljubinko Drulović
18%
1995/1996 MF Ljubinko Drulović
18%
1995/1996 UCL MF Ljubinko Drulović
18%
1996/1997 MF Ljubinko Drulović
18%
1997/1998 MF Ljubinko Drulović
18%
1998/1999 MF Ljubinko Drulović
18%
1999/2000 MF Ljubinko Drulović
18%
2000/2001 MF Ljubinko Drulović
18%
1985/1986 MF Semedo
18%
1988/1989 MF Semedo
18%
1989/1990 MF Semedo
18%
1990/1991 MF Semedo
18%
1992/1993 MF Semedo
18%
1993/1994 MF Semedo
18%
1993/1994 MF António Folha
17%
1994/1995 MF António Folha
17%
1995/1996 MF António Folha
17%
1990/1991 ST Emil Kostadinov
17%
1991/1992 ST Emil Kostadinov
17%
1992/1993 ST Emil Kostadinov
17%
1993/1994 ST Emil Kostadinov
17%
2004/2005 ST Luís Fabiano
17%
1982/1983 DF Augusto Inácio
15%
1983/1984 DF Augusto Inácio
15%
1984/1985 DF Augusto Inácio
15%
1985/1986 DF Augusto Inácio
15%
1986/1987 DF Augusto Inácio
15%
1987/1988 DF Augusto Inácio
15%
1980/1981 MF Jaime Magalhães
15%
1981/1982 MF Jaime Magalhães
15%
1983/1984 MF Jaime Magalhães
15%
1984/1985 MF Jaime Magalhães
15%
1986/1987 MF Jaime Magalhães
15%
1987/1988 MF Jaime Magalhães
15%
1989/1990 MF Jaime Magalhães
15%
1991/1992 MF Jaime Magalhães
15%
1994/1995 CWC DF Jorge Costa
15%
1995/1996 DF Jorge Costa
15%
1996/1997 DF Jorge Costa
15%
1998/1999 DF Jorge Costa
15%
1999/2000 DF Jorge Costa
15%
2002/2003 DF Jorge Costa
15%
2003/2004 DF Jorge Costa
15%
2003/2004 USC DF Jorge Costa
15%
2004/2005 DF Jorge Costa
15%
2000/2001 ST Pena
15%
2001/2002 ST Pena
15%
2007/2008 ST Tarik Sektioui
15%
1996/1997 MF Zlatko Zahovič
15%
1997/1998 MF Zlatko Zahovič
15%
1998/1999 MF Zlatko Zahovič
15%
1981/1982 MF Jaime Pacheco
14%
1983/1984 MF Jaime Pacheco
14%
1987/1988 MF Jaime Pacheco
14%
1988/1989 DF Branco
13%
1989/1990 DF Branco
13%
2003/2004 USC DF Giourkas Seitaridis
12%
2004/2005 DF Giourkas Seitaridis
12%
2020/2021 ST Luis Díaz
12%
2021/2022 UCL ST Luis Díaz
12%
2009/2010 UCL DF Álvaro Pereira
11%
2010/2011 DF Álvaro Pereira
11%
2011/2012 DF Álvaro Pereira
11%
1978/1979 MF António Frasco
11%
1979/1980 MF António Frasco
11%
1980/1981 MF António Frasco
11%
1982/1983 MF António Frasco
11%
1983/1984 MF António Frasco
11%
1984/1985 MF António Frasco
11%
1985/1986 MF António Frasco
11%
1986/1987 MF António Frasco
11%
2000/2001 MF Carlos Paredes
11%
2001/2002 MF Carlos Paredes
11%
1994/1995 MF Emerson
11%
1994/1995 CWC MF Emerson
11%
1995/1996 MF Emerson
11%
1995/1996 UCL MF Emerson
11%
1988/1989 ST Rui Águas
11%
1989/1990 ST Rui Águas
11%
2008/2009 DF Aly Cissokho
10%
2005/2006 DF Marek Čech
10%
2005/2006 MF Jorginho
10%
2006/2007 DF Marek Čech
10%
1981/1982 DF António Lima Pereira
9%
1982/1983 DF António Lima Pereira
9%
1983/1984 DF António Lima Pereira
9%
1984/1985 DF António Lima Pereira
9%
1985/1986 DF António Lima Pereira
9%
1985/1986 DF Celso
9%
1986/1987 DF Celso
9%
1987/1988 DF Celso
9%
1999/2000 DF Esquerdinha
9%
2000/2001 DF Esquerdinha
9%
1991/1992 MF Rui Filipe
9%
2015/2016 UCL MF Danilo Pereira
8%
2016/2017 MF Danilo Pereira
8%
2017/2018 MF Danilo Pereira
8%
2018/2019 MF Danilo Pereira
8%
2019/2020 MF Danilo Pereira
8%
1998/1999 MF Doriva
8%
1978/1979 MF Duda
8%
1979/1980 MF Duda
8%
1995/1996 ST Edmílson
8%
1995/1996 UCL ST Edmílson
8%
1996/1997 ST Edmílson
8%
2001/2002 DF Hugo Ibarra
8%
1988/1989 MF Bandeirinha
7%
1989/1990 MF Bandeirinha
7%
1992/1993 DF Bandeirinha
7%
1999/2000 MF Chaínho
7%
2001/2002 ST Clayton
7%
2008/2009 MF Cristian Rodríguez
7%
2009/2010 UCL MF Cristian Rodríguez
7%
1982/1983 DF Eurico
7%
1983/1984 DF Eurico
7%
1984/1985 DF Eurico
7%
1978/1979 DF Gabriel
7%
1979/1980 DF Gabriel
7%
1980/1981 DF Gabriel
7%
1981/1982 DF Gabriel
7%
1987/1988 DF Geraldão
7%
1988/1989 DF Geraldão
7%
1989/1990 DF Geraldão
7%
1990/1991 DF Geraldão
7%
1996/1997 MF José Barroso
7%
1978/1979 DF Carlos Simões
6%
1979/1980 DF Carlos Simões
6%
1980/1981 DF Carlos Simões
6%
1978/1979 MF Rodolfo Reis
6%
1979/1980 MF Rodolfo Reis
6%
1980/1981 MF Rodolfo Reis
6%
1982/1983 MF Rodolfo Reis
6%
1978/1979 DF Adelino Teixeira
5%
1980/1981 DF Adelino Teixeira
5%
1981/1982 DF Adelino Teixeira
5%
2003/2004 USC MF Hugo Leal
5%
1991/1992 MF Ion Timofte
5%
1992/1993 MF Ion Timofte
5%
1994/1995 ST Sergey Yuran
5%
1994/1995 CWC ST Sergey Yuran
5%
1994/1995 MF Vasili Kulkov
5%
2017/2018 MF Sérgio Oliveira
4%
2020/2021 MF Sérgio Oliveira
4%
2021/2022 UCL MF Sérgio Oliveira
4%
1983/1984 MF Vermelhinho
3%
1984/1985 MF Vermelhinho
3%
1978/1979 MF António Oliveira
2%
1979/1980 DF Fernando Freitas
2%
1980/1981 DF Fernando Freitas
2%
1981/1982 DF Fernando Freitas
2%
1981/1982 ST Jacques
2%
1980/1981 ST Mickey Walsh
2%
1982/1983 ST Mickey Walsh
2%
1995/1996 MF Péter Lipcsei
2%
1989/1990 DF Stéphane Demol
2%
1978/1979 DF Alfredo Murça
1%
1979/1980 DF Alfredo Murça
1%
1980/1981 MF António Sousa
1%
1981/1982 MF António Sousa
1%
1982/1983 MF António Sousa
1%
1983/1984 MF António Sousa
1%
1987/1988 MF António Sousa
1%
1988/1989 MF António Sousa
1%
1990/1991 ST Stéphane Paille
1%
1988/1989 DF Kalombo N'Kongolo
0%
1990/1991 DF Paulo Pereira
0%
1991/1992 DF Paulo Pereira
0%
1979/1980 MF Romeu
0%
1981/1982 MF Romeu
0%
1987/1988 MF Rui Barros
0%
1994/1995 CWC MF Rui Barros
0%
1995/1996 UCL MF Rui Barros
0%
No matching quizzes found
Score Distribution
Percent of People with Each Score
Percentile by Number Answered
Your Score History
You have not taken this quiz